| 000 | 00611cam a2200181 a 4500 | ||
|---|---|---|---|
| 001 | 2581971 | ||
| 005 | 20170427113406.0 | ||
| 008 | 961112s1997 ne b 001 0 eng | ||
| 020 | _a9004107223 (cloth : alk. paper) | ||
| 040 | _cPK-LaUMT | ||
| 082 | 0 | 0 |
_a271.009409021 _221 _bJES-W |
| 100 | 1 | _aJestice, Phyllis G. | |
| 245 | 1 | 0 |
_aWayward monks and the religious revolution of the eleventh century / _cby Phyllis G. Jestice |
| 260 |
_aLeiden ; _aNew York : _bBrill, _c1997 |
||
| 300 |
_ax, 309 p. ; _c25 cm. |
||
| 650 | 0 |
_aMonasticism and religious orders _zEurope _xHistory _yMiddle Ages, 600-1500. |
|
| 942 | _cBK | ||
| 999 |
_c92972 _d92972 |
||